| 000 | 00602nam a2200157 4500 | ||
|---|---|---|---|
| 999 |
_c15878 _d15878 |
||
| 008 | 201217b ||||| |||| 00| 0 eng d | ||
| 022 | _a0732-8435 | ||
| 082 | _aDPer 657.05 C33 Sept - Mar 2015, v. 85 - 86 | ||
| 100 |
_942692 _a Engle, Terry J. |
||
| 245 |
_aHow to more effectively comply with the requirements of SAS 128/ _b _cTerry J. Engle and Nicholas J. Mastracchio, Jr. |
||
| 260 |
_aNew York: _bThe New York State Society of CPA, _c©2015. |
||
| 300 |
_av85 n11, pages 44-51: _billustrations; _c28 cm. |
||
| 650 |
_aAuditing. _942693 |
||
| 700 |
_aMastracchio, N. J. _942697 |
||
| 942 |
_2ddc _cPER |
||